000 00844namaa2200289 a 4500
001 vtls001303906
003 NLI
005 20210627043908.0
008 120418s1981 dcu i000 0 eng
039 9 _y201204181930
_zVLOAD
040 0 _aNLI
_cVTLS-2012_FOD
_eAACR2
041 0 _aeng
044 _adcu
082 0 4 _a745
110 1 _aUnited States.
_bNational Endowment for the Arts
245 1 0 _aExpansion arts :
_bapplication guidelines fiscal years 1983
260 _aWashington, D.C. :
_bUnited States National Endowment for the Arts,
_c1981
300 _a24 p. ;
_c27 cm.
500 _aCover title
650 0 _aHandicraft
_9678047
650 0 _aFolk art
_9725576
887 _a
901 _aAD 128310
_b23.10.2010
902 _aU.S 745 Un 3 e
949 _AVIRTUAITEM
_D10000
_X100
_6ADX000128310ENG
942 _2ddc
_cBKS
999 _c596266
_d596266